• 首页
  • 本馆介绍
  • 公告通知
  • 最新文献
  • 馆藏检索
  • 电子资源
  • 读者导购
  • 参考咨询
  • 我的图书馆
  • 登录
  • 详细信息显示
  • 放入我的书架
  • 预约/预借图书
  • 作者相关作品
  • 分类相关作品
  • 丛书相关作品
  • 出版社相关作品

书目信息

  • 表格格式
  • 工作单格式
  • 卡片格式
题名:
Microsoft Excel在公司管理中的应用
    
 
作者: 侯紫罗 编著
分册:  
出版信息: 北京   中国青年出版社  2002
页数: 467页
开本: 23cm
丛书名: 办公软件高级应用系列
单 册:
中图分类: F270.7
科图分类:
主题词: 电子表格系统--应用--公司--企业管理 , CT--S900481--电子表格系统 , CT--S026206--公司 , CT--S058305--企业管理 , 企业经济
电子资源:
ISBN: 7-5006-4769-7
000 01260nam0 2200349 45
001 012002060600
005 20031219104106.8
010    @a7-5006-4769-7@dCNY46.00
100    @a20020724d2002 em y0chiy0110 ea
101 0  @achi
102    @aCN@b110000
105    @ay z 000yy
106    @ar
200 1  @aMicrosoft Excel在公司管理中的应用@9Microsoft Excel zai gong si guan lizhong de ying yong@f侯紫罗编著
210    @a北京@c中国青年出版社@d2002
215    @a467页@d23cm@e光盘1片
225 2  @a办公软件高级应用系列
305    @a文魁资讯股份有限公司授权出版
307    @a光盘由艺术与设计杂志社出版 中国青年出版社电脑艺术部制作
312    @a版权页题:Excel在公司管理中的应用
330    @a本书共有5章,包括:“数据库系统建立”、“财务会计管理”、“进销存货管理”、“人事业务管理”、“报表管理”等。
461  0 @12001 @a办公软件高级应用系列
517 1  @aExcel在公司管理中的应用@9Excel zai gong si guan li zhong de ying yong
606 0  @a电子表格系统@x应用@x公司@x企业管理
606 0  @2CT@3S900481@a电子表格系统
606 0  @2CT@3S026206@a公司
606 0  @2CT@3S058305@a企业管理
606 0  @a企业经济
690    @aF270.7@v4
701  0 @a侯紫罗@9hou zi luo@4编著
801    @aCN@bTSTC@c20030311
905    @b321171-175@dF270.7@e121@f5
    
    Microsoft Excel在公司管理中的应用/侯紫罗编著.-北京:中国青年出版社,2002
    467页;23cm+光盘1片.-(办公软件高级应用系列)
    
    
    ISBN 7-5006-4769-7:CNY46.00
    本书共有5章,包括:“数据库系统建立”、“财务会计管理”、“进销存货管理”、“人事业务管理”、“报表管理”等。
●
相关链接 在E读中查询图书 在五车中查询图书 在当当中查询图书 在豆瓣中查询图书


正题名:Microsoft Excel在公司管理中的应用     索取号:F270.7/121         预约/预借

序号 登录号 条形码 馆藏地/架位号 状态 备注
1 0321171   203211719   第一借阅区/ [索取号:F270.7/121] 在馆    
2 0321172   203211728   第一借阅区/ [索取号:F270.7/121] 在馆    
3 0321173   203211737   第一借阅区/ [索取号:F270.7/121] 在馆    
4 0321174   203211746   第一借阅区/ [索取号:F270.7/121] 在馆    
5 0321175   203211755   第一借阅区/ [索取号:F270.7/121] 在馆    
唐山师范学院图书馆 欢迎您!
大连网信软件有限公司© 版权所有